000 00330nam a22001217a 4500
082 _a340.07
_bKHA
100 _aKhan, Chaudhri Nazir Ahmed
245 _aThe Making of A Lawyer /
_cChaudhri Nazir Ahmed Khan
260 _aLahore :
_bKausar Brothers,
_cN.A.
300 _a182 p. ;
_c21 cm.
563 _aHB.
942 _2ddc
_cBK
999 _c615996
_d615996